[Event "CZE-ch Open 2018"]
[Site "Ostrava"]
[Date "2018.05.04"]
[Round "7"]
[White "Toman, Jaroslav"]
[Black "Bures, Martin"]
[Result "1-0"]
[WhiteElo "2233"]
[BlackElo "2100"]
[Annotator "NA"]
[PlyCount "83"]
[EventDate "2018.??.??"]
[EventCountry "CZE"]
[SourceTitle "playchess.com"]
[Source "ChessBase"]
[SourceQuality "1"]
[TimeControl "40/5400+30:900+30"]

1. e4 {[%emt 0:00:00]} c5 {[%emt 0:01:10]} 2. Nf3 {[%emt 0:00:01]} Nc6 {[%emt 0:00:02]} 3. d4 {[%emt 0:00:14]} cxd4 {[%emt 0:00:02]} 4. Nxd4 {[%emt 0:00:06]} g6 {[%emt 0:00:04]} 5. c4 {[%emt 0:00:57]} Bg7 {[%emt 0:00:01]} 6. Be3 {[%emt 0:00:55]} Qb6 {[%emt 0:00:02]} 7. Nb3 {[%emt 0:21:16] B38: Sicilian: Maroczy Bind with 5...Bg7 and 7...0-0} Qb4+ {[%emt 0:01:32]} (7... Qd8 8. Qd2 Nf6 9. Nc3 O-O 10. Be2 d6 11. O-O a5 12. Nd4 a4 13. Ndb5 Qa5 14. f3 Be6 {½-½ (22) Bacrot,E (2715)-Iturrizaga Bonelli,E (2662) Linares 2017}) 8. Bd2 {[%emt 0:02:17]} Qd6 {[%emt 0:01:17]} 9. Nc3 {[%emt 0:00:58]} Nf6 {[%emt 0:03:44]} 10. Be2 {[%emt 0:08:38]} O-O {[%emt 0:00:12]} 11. O-O {[%emt 0:01:19]} Qb8 {[%emt 0:06:00]} 12. f4 $146 {[%emt 0:02:21]} ({Predecessor:} 12. f3 b6 13. Be3 Ne8 14. Qc2 Nd6 {0-1 (30) Kovarik,M (1885)-Kislinsky,A (2489) Kouty nad Desnou 2015}) 12... d6 {[%emt 0:00:11]} 13. Bf3 {[%emt 0:00:32]} Be6 {[%emt 0:02:04]} 14. Nd5 {[%emt 0:01:00]} b5 {[%emt 0:01:01]} 15. Rc1 {[%emt 0:05:01]} bxc4 {[%emt 0:28:53]} 16. Rxc4 {[%emt 0:00:39]} Bd7 {[%emt 0:00:19] [#]} 17. Rxc6 $1 {[%emt 0:07:13]} Bxc6 (17... Nxd5 {was worth a try.} 18. exd5 a5) 18. Nxe7+ {[%emt 0:00:50]} Kh8 {[%emt 0:06:11]} 19. Nxc6 {[%emt 0:00:04]} Qb6+ {[%emt 0:01:15]} 20. Ncd4 {[%emt 0:00:06]} Nxe4 {[%emt 0:02:10]} 21. Ba5 {[%emt 0:04:29]} (21. Bxe4 $142 Bxd4+ 22. Kh1 Bxb2 23. Bxa8 Rxa8 24. f5) 21... Qb7 {[%emt 0:03:42]} 22. Bxe4 {[%emt 0:04:48]} Qxe4 {[%emt 0:00:30]} 23. Bc3 {[%emt 0:00:11]} Rac8 {[%emt 0:02:30]} 24. f5 {[%emt 0:02:06]} Be5 {[%emt 0:05:56]} 25. Qf3 {[%emt 0:00:45]} Qxf3 {[%emt 0:03:02]} 26. Rxf3 {[%emt 0:00:35]} Kg8 {[%emt 0:01:27]} 27. Na5 {[%emt 0:04:18]} Rfe8 $18 {[%emt 0:02:42]} 28. f6 {[%emt 0:04:18]} Bxd4+ {[%emt 0:03:45]} 29. Bxd4 {[%emt 0:00:08]} Rc2 {[%emt 0:00:17]} 30. h3 {[%emt 0:15:20]} Ree2 {[%emt 0:00:26]} 31. Rg3 {[%emt 0:01:17]} h5 {[%emt 0:00:20]} 32. Nb3 {[%emt 0:02:01]} a5 {[%emt 0:02:48]} 33. Bc3 {[%emt 0:00:38]} a4 {[%emt 0:02:55]} 34. Nd4 {[%emt 0:00:41]} Rc1+ {[%emt 0:00:02]} 35. Kh2 {[%emt 0:00:19]} Rf2 {[%emt 0:01:09]} 36. a3 {[%emt 0:05:46]} Rff1 {[%emt 0:02:57]} 37. Rf3 {[%emt 0:00:21]} Rh1+ {[%emt 0:01:03]} 38. Kg3 {[%emt 0:00:02]} Kh7 {[%emt 0:01:54]} 39. Ne6 {[%emt 0:03:04]} Rhf1 {[%emt 0:02:43]} 40. Ng5+ {[%emt 0:01:33]} Kg8 {[%emt 0:15:18]} 41. Re3 {[%emt 0:15:44]} Kf8 {[%emt 0:02:10]} 42. Re7 {[%emt 0:01:34]} 1-0

[Event "CZE-ch Open 2018"]
[Site "Ostrava"]
[Date "2018.05.04"]
[Round "7"]
[White "Skalsky, Alexandr"]
[Black "Kopriva, Martin"]
[Result "1-0"]
[WhiteElo "2207"]
[BlackElo "2071"]
[Annotator "NA"]
[PlyCount "76"]
[EventDate "2018.??.??"]
[EventCountry "CZE"]
[SourceTitle "playchess.com"]
[Source "ChessBase"]
[SourceQuality "1"]
[TimeControl "40/5400+30:900+30"]

1. e4 {[%emt 0:00:00]} g6 {[%emt 0:00:07]} 2. d4 {[%emt 0:00:00]} Bg7 {[%emt 0:00:04]} 3. Nc3 {[%emt 0:00:00]} d6 {[%emt 0:00:09]} 4. Be3 {[%emt 0:00:06]} c6 {[%emt 0:00:37]} 5. h3 {[%emt 0:00:35]} Qc7 {[%emt 0:02:04]} 6. Nge2 {[%emt 0:03:13]} b5 {[%emt 0:06:46]} 7. a3 {[%emt 0:00:08]} a6 {[%emt 0:03:12]} 8. g4 {[%emt 0:00:35]} Nd7 {[%emt 0:07:45]} 9. Bg2 {[%emt 0:00:19]} Bb7 {[%emt 0:06:34]} 10. Ng3 {[%emt 0:04:32]} e5 {[%emt 0:05:59]} 11. O-O {[%emt 0:02:30]} Ne7 {[%emt 0:02:33]} 12. Kh1 {[%emt 0:03:46]} O-O-O {[%emt 0:10:40]} 13. f4 {[%emt 0:01:23]} h5 {[%emt 0:06:12]} 14. g5 {[%emt 0:02:16]} f6 {[%emt 0:03:27]} 15. fxe5 {[%emt 0:13:08]} dxe5 {[%emt 0:02:46]} 16. d5 {[%emt 0:01:14]} cxd5 {[%emt 0:05:52]} 17. exd5 {[%emt 0:01:37]} Nb6 {[%emt 0:11:19]} 18. gxf6 {[%emt 0:11:03]} Bxf6 {[%emt 0:05:42]} 19. Rxf6 {[%emt 0:01:38]} Nbxd5 {[%emt 0:00:24]} 20. Qf3 {[%emt 0:01:05]} Nxf6 {[%emt 0:01:05]} 21. Qxf6 {[%emt 0:00:52]} Nf5 {[%emt 0:07:18]} 22. Nxf5 {[%emt 0:05:26]} gxf5 {[%emt 0:00:29]} 23. Qxf5+ {[%emt 0:01:03]} Kb8 {[%emt 0:00:11]} 24. Bxb7 {[%emt 0:01:18]} Qxb7+ {[%emt 0:00:16]} 25. Qe4 {[%emt 0:00:40]} Rhf8 {[%emt 0:03:47]} 26. Qxb7+ {[%emt 0:10:33]} Kxb7 {[%emt 0:00:03]} 27. Re1 {[%emt 0:00:48]} Rf3 $18 {[%emt 0:02:56]} 28. Kg2 {[%emt 0:00:34]} Rf5 {[%emt 0:00:17]} 29. h4 {[%emt 0:06:12]} Rg8+ {[%emt 0:02:26]} 30. Bg5 {[%emt 0:00:05]} Kc6 {[%emt 0:00:34]} 31. Ne4 {[%emt 0:04:50]} Kd5 {[%emt 0:00:39]} 32. Ng3 {[%emt 0:00:48]} Rf4 {[%emt 0:00:45]} 33. Nxh5 {[%emt 0:06:02]} Rxh4 {[%emt 0:01:47]} 34. Nf6+ {[%emt 0:00:06]} Ke6 {[%emt 0:00:33]} 35. Nxg8 {[%emt 0:00:04]} Rg4+ {[%emt 0:00:04]} 36. Kf3 {[%emt 0:01:55]} Rxg5 {[%emt 0:00:01]} 37. Nh6 {[%emt 0:00:06]} e4+ {[%emt 0:02:52]} 38. Rxe4+ {[%emt 0:00:05]} Kd5 1-0

[Event "CZE-ch Open 2018"]
[Site "Ostrava"]
[Date "2018.05.04"]
[Round "7"]
[White "Stepan, Patrik"]
[Black "Mrazek, Lumir"]
[Result "1-0"]
[WhiteElo "2207"]
[BlackElo "2327"]
[Annotator "ChessBase"]
[PlyCount "101"]
[EventDate "2018.??.??"]
[EventCountry "CZE"]
[SourceTitle "playchess.com"]
[Source "ChessBase"]
[SourceQuality "1"]
[TimeControl "40/5400+30:900+30"]

1. d4 {[%emt 0:00:00]} Nf6 {[%emt 0:00:57]} 2. c4 {[%emt 0:00:00]} g6 {[%emt 0:00:07]} 3. Nc3 {[%emt 0:00:00]} d5 {[%emt 0:00:04]} 4. cxd5 {[%emt 0:00:00]} Nxd5 {[%emt 0:00:05]} 5. e4 {[%emt 0:00:00]} Nxc3 {[%emt 0:00:06]} 6. bxc3 {[%emt 0:00:00]} Bg7 {[%emt 0:00:08]} 7. Bc4 {[%emt 0:01:51]} c5 {[%emt 0:00:07]} 8. Ne2 {[%emt 0:00:12]} Nc6 {[%emt 0:00:05]} 9. Be3 {[%emt 0:00:04]} O-O {[%emt 0:00:08]} 10. O-O {[%emt 0:00:03]} Bg4 {[%emt 0:12:44]} 11. f3 {[%emt 0:01:14]} Na5 {[%emt 0:00:19]} 12. Bd3 {[%emt 0:00:14]} cxd4 {[%emt 0:00:05]} 13. cxd4 {[%emt 0:00:04]} Be6 {[%emt 0:00:05]} 14. Rc1 {[%emt 0:00:14]} Bxa2 {[%emt 0:00:06]} 15. Qa4 {[%emt 0:00:03]} Be6 {[%emt 0:00:56]} 16. d5 {[%emt 0:00:27]} Bd7 {[%emt 0:08:09]} 17. Qb4 {[%emt 0:00:09]} e6 {[%emt 0:01:14]} 18. Nc3 {[%emt 0:01:06]} b6 {[%emt 0:04:23]} 19. Ba6 {[%emt 0:00:54]} Bc8 {[%emt 0:13:17]} 20. Bxc8 {[%emt 0:12:55]} Rxc8 {[%emt 0:02:03]} 21. Nb5 {[%emt 0:06:09]} Rxc1 {[%emt 0:15:41]} 22. Rxc1 {[%emt 0:00:40]} exd5 {[%emt 0:00:55]} 23. Nxa7 {[%emt 0:04:43]} d4 {[%emt 0:05:33]} 24. Bf4 {[%emt 0:06:42]} Qf6 {[%emt 0:03:56]} 25. Bd6 {[%emt 0:07:05]} Bh6 {[%emt 0:00:58]} 26. Rd1 {[%emt 0:05:17]} Re8 {[%emt 0:08:13]} 27. Kh1 {[%emt 0:07:34]} Be3 {[%emt 0:00:27]} 28. Nb5 {[%emt 0:06:36]} Rc8 {[%emt 0:08:23]} 29. Nc7 {[%emt 0:05:36]} Nb7 {[%emt 0:06:06]} 30. Bg3 {[%emt 0:03:55]} Qc6 {[%emt 0:02:17]} 31. Nd5 {[%emt 0:07:31]} Qc5 {[%emt 0:00:50]} 32. Qb1 {[%emt 0:13:00]} b5 {[%emt 0:03:51]} 33. Be5 {[%emt 0:00:23]} Kf8 {[%emt 0:00:42]} 34. Bf6 {[%emt 0:01:15]} Re8 {[%emt 0:00:19]} 35. Nxe3 {[%emt 0:04:09]} dxe3 {[%emt 0:00:11]} 36. Bd4 {[%emt 0:00:29]} Qc4 {[%emt 0:01:57]} 37. Bxe3 {[%emt 0:00:07]} Rd8 {[%emt 0:00:13]} 38. Bh6+ {[%emt 0:01:12]} Ke8 {[%emt 0:00:01]} 39. Rc1 {[%emt 0:00:45]} Qe2 {[%emt 0:01:55]} 40. Qa1 {[%emt 0:01:36]} Nc5 {[%emt 0:16:57]} 41. Qh8+ {[%emt 0:18:38]} Kd7 {[%emt 0:00:38]} 42. Qd4+ Ke8 {[%emt 0:00:24]} 43. Qxc5 {[%emt 0:00:54]} Rd1+ {[%emt 0:00:31]} 44. Rxd1 Qxd1+ {[%emt 0:00:04]} 45. Qg1 {[%emt 0:00:09]} Qd3 {[%emt 0:00:06]} 46. Qc1 {[%emt 0:00:43]} b4 {[%emt 0:00:11]} 47. Qc8+ {[%emt 0:02:53]} Ke7 {[%emt 0:00:14]} 48. Bf8+ {[%emt 0:00:05]} Kf6 {[%emt 0:00:13]} 49. Qc6+ {[%emt 0:00:25]} Ke5 {[%emt 0:00:14]} 50. Qc5+ {[%emt 0:00:00]} Ke6 {[%emt 0:00:00]} 51. Qe7# {[%emt 0:00:00] Kd5} 1-0

[Event "CZE-ch Open 2018"]
[Site "Ostrava"]
[Date "2018.05.04"]
[Round "7"]
[White "Vystrcil, Martin"]
[Black "Rubes, Jan"]
[Result "0-1"]
[WhiteElo "2146"]
[BlackElo "2337"]
[Annotator "NA"]
[PlyCount "68"]
[EventDate "2018.??.??"]
[EventCountry "CZE"]
[SourceTitle "playchess.com"]
[Source "ChessBase"]
[SourceQuality "1"]
[TimeControl "40/5400+30:900+30"]

1. e4 {[%emt 0:01:26]} c5 {[%emt 0:00:06]} 2. Nf3 {[%emt 0:00:06]} Nc6 {[%emt 0:00:05]} 3. d4 {[%emt 0:00:20]} cxd4 {[%emt 0:00:06]} 4. Nxd4 {[%emt 0:00:08]} Nf6 {[%emt 0:00:04]} 5. Nc3 {[%emt 0:00:07]} e5 {[%emt 0:00:09]} 6. Ndb5 {[%emt 0:00:26]} d6 {[%emt 0:00:05]} 7. Bg5 {[%emt 0:01:06]} a6 {[%emt 0:00:04]} 8. Na3 {[%emt 0:00:10]} Be6 {[%emt 0:00:05]} 9. Nc4 {[%emt 0:13:37]} Rc8 {[%emt 0:00:18]} 10. Nd5 {[%emt 0:02:59]} Bxd5 {[%emt 0:00:19]} 11. exd5 {[%emt 0:00:14]} Ne7 {[%emt 0:01:35]} 12. Bxf6 {[%emt 0:08:58] B33: Sicilian: Pelikan and Sveshnikov Variations} gxf6 {[%emt 0:00:20]} 13. Qd2 {[%emt 0:02:27]} b5 {[%emt 0:19:53]} (13... f5 14. Qb4 Nxd5 15. Qxb7 Nf6 16. O-O-O Ne4 17. Nxe5 Bh6+ 18. Kb1 Rc7 19. Qb6 O-O 20. Nf3 Bg7 21. Bxa6 Rxc2 22. Qxd8 Rxb2+ 23. Kc1 Rxd8 24. Rhe1 Rxa2 {0-1 (24) Baskin,R (2375)-Bellahcene,B (2498) Biel 2016}) 14. Na5 $146 {[%emt 0:02:32]} ({Predecessor:} 14. Ne3 Bh6 15. a4 Rc5 16. axb5 axb5 17. Qa5 O-O 18. b4 Rc3 19. Qxb5 Qc7 {0-1 (32) Vazquez,J-Rojo Huerta,G (2380) Madrid 1995}) 14... h5 {[%emt 0:02:39]} 15. Rd1 {[%emt 0:01:35]} Qb6 {[%emt 0:21:14]} 16. c4 {[%emt 0:05:21]} Bh6 {[%emt 0:00:42]} 17. Qb4 {[%emt 0:00:48]} Rg8 {[%emt 0:02:34]} 18. g3 {[%emt 0:02:34]} Rg4 {[%emt 0:01:09]} 19. Be2 {[%emt 0:05:59]} Re4 {[%emt 0:01:30]} 20. Kf1 {[%emt 0:02:33]} h4 {[%emt 0:05:52]} 21. Bd3 $2 {[%emt 0:08:40]} ({White should play} 21. c5 $11 Rxb4 22. cxb6) 21... Nxd5 {[%emt 0:03:09]} 22. Qa3 {[%emt 0:03:35] [#]} Ne3+ $1 {[%emt 0:01:34]} 23. fxe3 {[%emt 0:01:08]} Rxe3 {[%emt 0:00:03]} 24. c5 $2 {[%emt 0:08:36]} (24. Kg2 {was forced.} Rxc4 25. Rhf1 (25. Nxc4 $2 Qc6+ 26. Kh3 bxc4 $19)) 24... dxc5 $19 {[%emt 0:10:19]} 25. Re1 {[%emt 0:02:32]} Rxe1+ {[%emt 0:07:12]} 26. Kxe1 {[%emt 0:00:04]} c4 {[%emt 0:00:21]} 27. Be2 {[%emt 0:01:49]} Bf8 {[%emt 0:05:41]} 28. Qc3 {[%emt 0:01:33]} b4 {[%emt 0:00:20]} 29. Qf3 {[%emt 0:07:09]} Qxa5 {[%emt 0:00:16]} 30. Qb7 {[%emt 0:00:08]} Rc7 {[%emt 0:05:42]} 31. Qb8+ {[%emt 0:01:28]} Ke7 {[%emt 0:00:04]} 32. Bg4 {[%emt 0:02:58]} c3 {[%emt 0:01:10]} 33. Kf2 {[%emt 0:01:33]} c2 {[%emt 0:00:13]} 34. Rc1 {[%emt 0:00:45]} Bh6 {[%emt 0:00:17]} 0-1

[Event "CZE-ch Open 2018"]
[Site "Ostrava"]
[Date "2018.05.04"]
[Round "7"]
[White "Sramek, Vojtech"]
[Black "Kana, Pavel"]
[Result "1/2-1/2"]
[WhiteElo "2145"]
[BlackElo "2024"]
[Annotator "TA"]
[PlyCount "96"]
[EventDate "2018.??.??"]
[EventCountry "CZE"]
[SourceTitle "playchess.com"]
[Source "ChessBase"]
[SourceQuality "1"]

{[%evp 11,96,25,51,51,64,57,111,104,107,100,109,109,99,92,96,87,122,86,118,-34,101,99,89,96,91,87,117,73,159,158,143,90,103,73,128,73,118,70,76,68,70,69,75,0,45,0,0,0,0,0,4,4,11,12,50,10,65,6,114,0,10,17,10,-253,-251,-301,-293,-387,-385,-360,-275,-275,-266,-206,-206,-194,-113,-100,0,-284,-284,-284,0,-179,0,-205,0]} 1. e4 c5 2. Nf3 {[%cal Bg1f3,Bf3d4,Bd4b3][%mdl 32]} e6 3. d4 cxd4 4. Nxd4 a6 5. Nc3 Qc7 6. Bd3 Bc5 7. Nb3 {B43: Sicilian: Kan Variation: 5 Nc3} Be7 8. Qg4 Nf6 (8... Kf8 $14) (8... g6 9. Qe2 d6 10. O-O Nd7 11. Bd2 Ngf6 12. Bh6 b5 13. f4 Bb7 14. Rae1 b4 {0-1 (43) Fressinet,L (2687)-Caruana,F (2804) Paris 2016}) 9. Qxg7 $16 {White is better.} Rg8 10. Qh6 d6 11. O-O Nbd7 12. Be3 $146 ({Predecessor:} 12. h3 Ne5 13. Qe3 b5 14. f4 Nc4 15. Bxc4 Qxc4 {0-1 (25) Vachtfeidl,P (1981)-Kana,P (2062) Ostrava 2011}) 12... b5 13. f3 Bb7 14. Rad1 O-O-O 15. Qh4 $2 (15. Bd4 $16) 15... Ne5 (15... b4 $1 $15 {keeps the upper hand.} 16. Nb1 d5) 16. Qf2 {Strongly threatening Bb6.} d5 17. exd5 Nxd5 18. Nxd5 Bxd5 19. Kh1 {aiming for Bb6.} Nc4 {[#]} (19... Ng4 $142 20. fxg4 Rxg4) 20. Bxc4 $1 Bxc4 21. Bb6 (21. Rxd8+ $142 Bxd8 22. Re1) 21... Rxd1 22. Rxd1 Qe5 {[#]} 23. Bc5 (23. Re1 $142 $1 {[%cal Re1e5]} Qxb2 24. Bd4) 23... Bg5 24. Bd6 Qe3 $1 {[%cal Re3f2]} 25. Qxe3 Bxe3 26. Be7 f5 27. Na5 ({Better is} 27. Bc5 $16 Bf4 28. Be7) 27... Bd5 28. b3 Rg7 29. Bb4 Rc7 30. c3 h5 31. h3 Bf2 32. Rc1 Be3 33. Rc2 Bb6 (33... Kd7 $11) 34. Kh2 (34. c4 $14) 34... h4 (34... e5 $11) 35. Rc1 (35. c4 $16) 35... Be3 36. Rd1 Bf2 37. Bd6 $2 {[%mdl 8192]} (37. Kh1 $11) 37... Rxc3 $19 38. Bb4 Rc2 39. a3 Kc7 40. Bd2 Kb6 41. b4 Bg3+ 42. Kg1 Kc7 43. Kf1 Be5 (43... Ra2 $19 44. Bc1 Kc8) 44. Bg5 $17 Bg3 ({Black should play} 44... Rc3 $17 45. Bxh4 Rxa3) 45. Rd3 $2 {[%mdl 8192]} (45. Bd2 $1 $11 {and White stays safe.}) 45... Rf2+ $19 46. Kg1 Rc2 47. Kf1 $1 Rf2+ 48. Kg1 Rc2 $2 {Precision: White = 48%, Black = 40%.} (48... Rb2 $19 49. Rd1 Ra2) 1/2-1/2

[Event "CZE-ch Open 2018"]
[Site "Ostrava"]
[Date "2018.05.04"]
[Round "7"]
[White "Riha, Vojtech"]
[Black "Haba, Petr"]
[Result "0-1"]
[WhiteElo "2141"]
[BlackElo "2454"]
[Annotator "TA"]
[PlyCount "108"]
[EventDate "2018.??.??"]
[EventCountry "CZE"]
[SourceTitle "playchess.com"]
[Source "ChessBase"]
[SourceQuality "1"]

{[%evp 11,108,-8,-18,-38,-38,-59,-70,-72,-72,-72,-29,-98,-95,-105,-79,-81,-85,-87,-87,-91,-79,-85,-81,-125,-118,-126,-126,-137,-132,-141,-122,-137,-118,-124,-118,-161,-169,-169,-170,-169,-150,-237,-240,-232,-226,-282,-272,-291,-271,-319,-206,-329,-329,-324,-316,-300,-303,-440,-437,-561,-373,-430,-378,-346,-356,-438,-454,-750,-732,-584,-482,-540,-537,-1089,-1064,-2329,-1458,-1481,-1373,-1206,-1155,-1000,-798,-1526,-1227,-2399,-2358,-2338,-1791,-2189,-1932,-10210,-1552,-7256,-10956,-29964,-7461,-2538,-1772]} 1. e4 c6 2. d4 d5 3. e5 c5 4. dxc5 Nc6 5. Nf3 Bg4 6. Be2 {B12: Caro-Kann: Advance Variation} (6. c3 e6 7. b4 a6 8. Nbd2 Nxe5 9. Qa4+ Nd7 10. Ne5 Ngf6 11. c4 a5 12. Nb3 axb4 13. Qb5 Be7 {0-1 (53) Topalov,V (2760)-Nakamura,H (2779) London 2016}) 6... e6 {LiveBook: 6 Games} 7. Bf4 Bxc5 8. O-O {Black is slightly better.} Bxf3 9. Bxf3 Nge7 10. c4 $146 ({Predecessor:} 10. Bg3 Bd4 11. c3 Bxe5 12. Nd2 O-O 13. Bh4 Qc7 14. Bxe7 Qxe7 {0-1 (30) Paleologu,V (2193)-Vezzosi,P (2379) Milan 2010}) 10... dxc4 11. Nc3 (11. Nd2 $1 $11) 11... O-O 12. Qa4 Ng6 13. Bxc6 bxc6 14. Bg3 Bd4 15. Qxc4 Nxe5 16. Bxe5 Bxe5 17. Qxc6 Qb8 18. Rab1 Bxh2+ 19. Kh1 Be5 20. g3 Rd8 21. Rfd1 Qb4 22. Qf3 h6 23. Rxd8+ Rxd8 24. Rd1 Rxd1+ 25. Nxd1 g6 26. a3 (26. Qe2 $17 Qd4 27. Nc3) 26... Qd2 $19 27. Kg1 Bd4 28. b4 h5 29. b5 e5 30. Kg2 Qa2 31. Qa8+ (31. Qd3 $142) 31... Kg7 {...Qc2 is the strong threat.} 32. Qf3 Qc4 33. Ne3 Qxb5 34. Nd5 (34. Nc2 $142) 34... Qc6 35. Kh2 Qe6 36. Ne3 Qf6 37. Qe2 h4 38. Ng4 hxg3+ 39. fxg3 (39. Kxg3 $142 Qe7 40. Qd2) 39... Qg5 40. Kg2 Qf5 41. a4 Qe6 42. Kh2 Qb3 43. Qd2 Qb2 44. Qxb2 Bxb2 {[%mdl 4096] Endgame KB-KN} 45. Ne3 f5 46. Kg2 Bd4 47. Nc4 Kf6 48. Kf3 Ke6 49. Ke2 Kd5 50. Nd2 e4 51. Nb3 Bc3 52. Nc1 Kc4 53. Kf2 Kb4 54. Ne2 Be5 {Precision: White = 27%, Black = 85%.} 0-1

[Event "CZE-ch Open 2018"]
[Site "Ostrava"]
[Date "2018.05.04"]
[Round "7"]
[White "Mladek, Richard"]
[Black "Obsivac, Josef"]
[Result "1/2-1/2"]
[WhiteElo "2136"]
[BlackElo "2330"]
[Annotator "TA"]
[PlyCount "97"]
[EventDate "2018.??.??"]
[EventCountry "CZE"]
[SourceTitle "playchess.com"]
[Source "ChessBase"]
[SourceQuality "1"]

{[%evp 24,97,0,0,0,-4,20,0,0,0,0,2,60,15,30,12,24,10,18,0,18,-9,41,0,33,49,42,45,70,0,0,0,0,0,1,0,0,0,0,0,0,0,0,-9,11,10,33,26,19,20,22,0,0,0,0,0,0,3,5,5,12,0,0,0,6,2,6,0,0,0,0,0,0,-13,-8,-8]} 1. d4 Nf6 2. c4 e6 3. Nf3 Bb4+ 4. Bd2 a5 5. g3 d6 6. Bg2 Nbd7 7. O-O e5 8. Bg5 exd4 9. Nxd4 h6 10. Bc1 {E11: Bogo-Indian} (10. Bf4 O-O 11. Qc2 a4 12. Rd1 Nb6 13. Nc3 Qe7 14. Qd3 Bc5 15. h3 c6 16. Rab1 d5 17. cxd5 Nbxd5 18. Nxd5 Nxd5 19. Bxd5 cxd5 {0-1 (41) Cruz,C (2533)-Bachmann,A (2656) Barcelona 2016}) 10... O-O 11. a3 Bc5 12. b3 Re8 13. Nc3 {LiveBook: 3 Games} c6 14. Bb2 Ne5 15. Na4 $146 ({Predecessor:} 15. Rc1 Bd7 16. Qd2 Qc8 17. Rfd1 Bh3 {0-1 (26) Abel,T (2400)-Kveinys,A (2535) Germany 1998}) 15... Ba7 16. Qc2 Bg4 17. Rad1 Qc7 (17... Qc8 $11) 18. Kh1 Bh5 19. h3 Bg6 20. e4 Rad8 21. Rfe1 Ned7 22. Nc3 Nb6 23. f4 a4 24. Nxa4 Nxa4 25. bxa4 Nd7 26. Qc3 ({Better is} 26. Bc3 $14) 26... f6 $11 27. Nb3 Nc5 28. Nxc5 Bxc5 29. Qb3 Qb6 (29... Rd7 {is interesting.} 30. Bd4 Rde7 31. Bxc5 dxc5 32. Qc2 Bf7) 30. Qxb6 Bxb6 31. Bd4 Ba5 32. Re3 Bf7 33. Bf1 Be6 34. Rb1 Bc8 35. Bb6 Bxb6 36. Rxb6 {The position is equal.} f5 37. Bg2 fxe4 38. Rxe4 Rxe4 39. Bxe4 {[%mdl 4096] Endgame KRB-KRB} Re8 40. Bg2 Re3 41. a5 {[#] Strongly threatening a6!} Be6 ({Wrong is} 41... Rxg3 $2 {[#]} 42. a6 $1 $18 {[%mdl 512]}) 42. a6 bxa6 43. Rxa6 Bxc4 44. Rxc6 d5 45. a4 Rxg3 46. Rc5 Rd3 47. a5 Kf8 48. a6 Bxa6 {Black wants to play ...d4.} 49. Rxd5 {Precision: White = 47%, Black = 42%.} 1/2-1/2

[Event "CZE-ch Open 2018"]
[Site "Ostrava"]
[Date "2018.05.04"]
[Round "7"]
[White "Jelinek, Michal"]
[Black "Malik, Jan"]
[Result "0-1"]
[WhiteElo "2134"]
[BlackElo "2284"]
[Annotator "NA"]
[PlyCount "78"]
[EventDate "2018.??.??"]
[EventCountry "CZE"]
[SourceTitle "playchess.com"]
[Source "ChessBase"]
[SourceQuality "1"]
[TimeControl "40/5400+30:900+30"]

1. d4 {[%emt 0:00:12]} d5 {[%emt 0:00:11]} 2. c4 {[%emt 0:00:21]} c6 {[%emt 0:00:06]} 3. Nf3 {[%emt 0:00:20]} Nf6 {[%emt 0:00:17]} 4. Nc3 {[%emt 0:00:20]} e6 {[%emt 0:00:09]} 5. e3 {[%emt 0:00:20]} Nbd7 {[%emt 0:00:15]} 6. Qc2 {[%emt 0:00:48]} Bd6 {[%emt 0:00:31]} 7. Bd3 {[%emt 0:00:33]} dxc4 {[%emt 0:00:17]} 8. Bxc4 {[%emt 0:00:05]} b5 {[%emt 0:00:15]} 9. Be2 {[%emt 0:00:42] D46: Semi-Slav: 5 e3 Nbd7 6 Bd3, Black avoids the Meran} Bb7 {[%emt 0:01:47]} (9... O-O 10. O-O a6 11. Rd1 Qc7 12. e4 e5 13. h3 Re8 14. a3 exd4 15. Nxd4 Bh2+ 16. Kh1 Be5 17. Bf3 c5 18. Nf5 Nb6 19. Bg5 Bxf5 20. exf5 {½-½ (40) Navara,D (2751)-So,W (2778) Prague 2015}) 10. O-O {[%emt 0:02:04]} a6 {[%emt 0:00:25] LiveBook: 11 Games} 11. Rd1 {[%emt 0:03:28]} Qe7 {[%emt 0:03:04]} 12. e4 {[%emt 0:02:31]} e5 {[%emt 0:00:06]} 13. dxe5 {[%emt 0:01:38]} Nxe5 {[%emt 0:00:14]} 14. Nd4 {[%emt 0:00:51]} Neg4 $146 {[%emt 0:06:31]} ({Predecessor:} 14... g6 15. f4 Neg4 16. e5 Bxe5 17. fxe5 Qxe5 18. Bxg4 Nxg4 19. Qe4 c5 20. Qxg4 {1-0 (20) Kezin,R (2455)-Utnasunov,A (2446) Sochi 2017}) 15. h3 {[%emt 0:13:49]} h5 {[%emt 0:13:32]} 16. Nf5 {[%emt 0:12:24]} Bh2+ {[%emt 0:00:24]} 17. Kf1 {[%emt 0:00:34]} Qc5 {[%emt 0:00:48]} 18. hxg4 {[%emt 0:01:28]} hxg4 {[%emt 0:00:21]} 19. Be3 {[%emt 0:03:31]} Qe5 {[%emt 0:02:34]} 20. Nd6+ {[%emt 0:08:42]} Kf8 {[%emt 0:00:16]} 21. Nxb7 {[%emt 0:01:27]} Bf4 {[%emt 0:01:54]} 22. Bd3 {[%emt 0:03:10]} Bxe3 {[%emt 0:07:06]} 23. fxe3 {[%emt 0:00:19]} g3 {[%emt 0:00:27]} 24. Ne2 {[%emt 0:06:51]} Nd5 {[%emt 0:09:24]} (24... Ng4 $142 25. Ke1 (25. Qxc6 Rh1+ 26. Ng1 Nxe3+ 27. Ke2 Qxb2+ 28. Rd2 Qxa1 $17) 25... Nxe3 26. Qc5+ Qxc5 27. Nxc5 Nxd1) 25. Qc5+ {[%emt 0:09:20]} Kg8 {[%emt 0:00:13]} 26. Qd4 {[%emt 0:01:44]} Rh1+ {[%emt 0:03:10]} 27. Ng1 {[%emt 0:00:04]} Qh5 {[%emt 0:00:43]} 28. Bc2 {[%emt 0:13:31]} Nf6 {[%emt 0:08:26]} 29. e5 {[%emt 0:01:49]} Qh2 {[%emt 0:04:30]} 30. e4 {[%emt 0:03:08]} Ng4 {[%emt 0:00:23]} 31. e6 $11 {[%emt 0:00:51]} (31. Re1 $18) 31... fxe6 {[%emt 0:00:47]} 32. Nd8 {[%emt 0:02:13]} Nf2 {[%emt 0:06:44]} 33. Nxe6 {[%emt 0:02:20]} Rxg1+ {[%emt 0:01:10]} 34. Ke2 {[%emt 0:00:02]} Qh5+ {[%emt 0:00:11]} 35. Kd2 {[%emt 0:02:36]} Qh6+ {[%emt 0:12:35]} 36. Ke2 {[%emt 0:01:45]} Rxg2 {[%emt 0:02:28]} 37. Kf3 {[%emt 0:02:02]} Nxd1 {[%emt 0:00:40]} 38. Bxd1 {[%emt 0:00:36]} Rf2+ {[%emt 0:00:29]} 39. Kxg3 {[%emt 0:00:29]} Qh2+ {[%emt 0:00:48]} 0-1